LDR 01295nam a2200325 i 4500 001 000000147225 003 CaOOAMICUS 005 20260525125403.0 008 060125s1982 fr u000 u fre u 013 $a124297 020 $a2-213-01163-X 040 $aSeMil$bita 100 1 $aMarion, Jean-Luc,$d<1946- >.$0(OLS)http://semarc/name/2629 245 10$aDieu sans l'être :$bhors-texte /$cJean-Luc Marion. 260 $aParis :$bFayard,$c1982. 300 $a287 p. ;$c22 cm. 490 0 $aCommunio 500 $aSaggi e articoli già pubblicati, 1976-1982 500 $aPrima del titolo: Théologiques 650 4$aOntologia.$0(OLS)http://semarc/subject/2269 650 4$aDio - Esistenza.$0(OLS)http://semarc/subject/4187 650 4$aDio - Rappresentazione.$0(OLS)http://semarc/subject/52430 650 4$aCristianesimo - Filosofia.$0(OLS)http://semarc/subject/584 830 0$aCommunio.$0(OLS)http://semarc/title/10890 850 $aSeMil 852 $aSeMil$W1$xVenegono$y1$m2P VII 601$j272465$B99803$CSeMilBibl$Z2$F108249 $81 996 $6020$a2-213-01163-X$9(OLS)http://semarc/number/135880 996 $6245$aDieu sans l'être :$bhors-texte$9(OLS)http://semarc/title/215266 996 $6260$aParis :$bFayard$9(OLS)http://semarc/publisher/29821